000 00218nam a22000857a 4500
999 _c11448
_d11448
008 190524b ||||| |||| 00| 0 eng d
020 _a9789386365200
100 _97172
_aSINGH.S.N
245 _aGREAT NATIONALIST MOHAN BHAGEAT